[Event "DSOL 07 Liga Gr-B 1st"]
[Site "Playchess.com INT"]
[Date "2020.07.10"]
[Round "3.4"]
[White "Mehner, Lorenz"]
[Black "Smentek, Milena"]
[Result "0-1"]
[WhiteElo "1485"]
[BlackElo "1198"]
[PlyCount "84"]
[EventDate "2020.06.22"]
[EventType "team-tourn (rapid)"]
[EventCountry "GER"]
[SourceTitle "EXT 2021"]
[Source "ChessBase"]
[SourceDate "2020.10.23"]
[SourceVersion "1"]
[SourceVersionDate "2020.10.23"]
[SourceQuality "1"]
[WhiteTeam "Chemnitz USG II"]
[BlackTeam "Heidesheim"]
[WhiteTeamCountry "GER"]
[BlackTeamCountry "GER"]

1. Nf3 Nf6 2. g3 g6 3. Bg2 Bg7 4. 0-0 Nc6 5. Nc3 d6 6. e4 0-0 7. d4 e6 8. a3 e5 9. Qd3 Re8 10. d5 Ne7 11. Ne2 Ng4 12. h3 Nf6 13. c4 c6 14. Be3 Bd7 15. Nc3 c5 16. b4 b6 17. Nd2 Nh5 18. f4 Nxg3 19. Bxc5 Nxf1 20. Rxf1 bxc5 21. Qf3 Rf8 22. Ne2 Bh6 23. Nb3 Bg7 24. bxc5 dxc5 25. Nxc5 Rc8 26. Qf2 Qc7 27. Nxd7 Qxd7 28. c5 Qa4 29. Kh1 Qxa3 30. c6 a5 31. Qe1 a4 32. Rf3 Qb2 33. h4 a3 34. Nc3 exf4 35. Bh3 Bxc3 36. Rxc3 Rb8 37. e5 Nxd5 38. Rc1 f3 39. e6 Nf4 40. e7 Nxh3 41. exf8Q+ Rxf8 42. c7 Qg2# 0-1